000 00685nam a2200169 a 4500
005 20140414132108.0
008 110115s19uu xx 00 eng d
050 _aM 591.56
_bH52 6541
100 _aHirschland, Roger B.
245 _aHow animals care for their babies /
_cby Roger B. Hirschland.
260 _aWashington, D.C. :
_bNational Geographic Society,
_cc1987.
520 _aDepicts different kinds of parental behavior among a variety of animals, including the trumpeter swan, mountain goat, and baboon.
650 _aParental behavior in animals
_xJuvenile literature.
650 _aAnimals
_xInfancy
_xJuvenile literature.
650 _aAnimals
_xInfancy.
999 _c114659
_d114659